000 00638aas a2200181 4500
999 _c50053
_d50053
001 768714001
003 CO-MdFUSB
005 20170905151401.0
008 170905s1994 ag ||||| |||| 00| 0 spa d
022 _a0326-6737
040 _aCO-MdFUSB
_bspa
_cCO-MdFUSB
_dCO-MdFUSB
041 _aspa
100 1 _aZorzin, Alejandro
_eautor
245 1 0 _aSalsipuedes, 11 de abril de 1831 :
_bexterminio de los Charrúas orientales
_c/ Zorzin, Alejandro
300 _aVolumen 13. Número 1 (1994), páginas 93-107
_c: 23 cm.
773 0 _tCuadernos de Teología
_049404
_959708
_gVolumen 13. Número 1 (1994), páginas 93-107
_qPágina 93
942 _cANA